| 000 | 00686nam a2200217 i 4500 | ||
|---|---|---|---|
| 001 | 20877 | ||
| 003 | ES-MaACL | ||
| 005 | 20230906152359.0 | ||
| 007 | t| | ||
| 008 | 021119s1987 sp ||||1| spa d | ||
| 020 | _a84-306-2174-2 | ||
| 100 | 1 |
_aAdorno, Theodor W. _918468 |
|
| 245 | 1 | 0 |
_aMinima moralia _b: reflexiones desde la vida dañada / _cTheodor W. Adorno ; versión castellana de Joaquín Chamorro Mielke. |
| 260 |
_aMadrid : _bTaurus, _c1987. |
||
| 300 |
_a255 p. ; _c21 cm. |
||
| 490 | 1 |
_aEnsayistas ; _v274 |
|
| 700 | 1 |
_aChamorro Mielke, Joaquín. _937900 |
|
| 830 | 0 |
_aEnsayistas ; _v274 _9177257 |
|
| 852 |
_aES-MaACL _jL-12326 _bR.114555 |
||
| 999 |
_c20877 _d20877 |
||